LEADER 01394nam--2200421---450- 001 990000317620203316 005 20050429111026.0 010 $a88-8114-828-5 035 $a0031762 035 $aUSA010031762 035 $a(ALEPH)000031762USA01 035 $a0031762 100 $a20001221d1999----km-y0itay0103----ba 101 0 $aita 102 $ait 105 $a||||||||001yy 200 1 $a<> mito di Hollywood$fMario Guidorizzi 210 $aNapoli$cEdizioni Scientifiche Italiane$dcopyr. 1999 215 $a2 v. (p. 1064 compless.)$d24 cm 300 $aIn custodia 327 $aVol. 1: Tutto sui film americani dal 1930 al 1949. Vol. 2: Tutto sui film americani dal 1950 al 1960 606 $aFilm americani 1930-1960$xRepertori 676 $a791.43750973 700 1$aGUIDORIZZI,$bMario$0542518 801 0$aIT$bsalbc$gISBD 912 $a990000317620203316 951 $aXIII.2. 1192/1(XVI M 22/1)$b153703 L.M.$cXVI M$d00005237 951 $aXIII.2. 1192/2(XVI M 22/2)$b153703 L.M.$cXVI M$d00005236 959 $aBK 969 $aUMA 979 $aTAMI$b40$c20001221$lUSA01$h1023 979 $aTAMI$b40$c20001221$lUSA01$h1023 979 $aTAMI$b40$c20001222$lUSA01$h0947 979 $c20020403$lUSA01$h1639 979 $aPATRY$b90$c20040406$lUSA01$h1622 979 $aCOPAT2$b90$c20050429$lUSA01$h1110 996 $aMito di Hollywood$9879137 997 $aUNISA LEADER 01880nam 2200433z- 450 001 9910557567503321 005 20211118 035 $a(CKB)5400000000043952 035 $a(oapen)https://directory.doabooks.org/handle/20.500.12854/73612 035 $a(oapen)doab73612 035 $a(EXLCZ)995400000000043952 100 $a20202111d2020 |y 0 101 0 $aeng 135 $aurmn|---annan 181 $ctxt$2rdacontent 182 $cc$2rdamedia 183 $acr$2rdacarrier 200 00$aEvolving Mechanisms of Disease Tolerance 210 $cFrontiers Media SA$d2020 215 $a1 online resource (183 p.) 311 08$a2-88963-458-2 330 $aThis eBook is a collection of articles from a Frontiers Research Topic. Frontiers Research Topics are very popular trademarks of the Frontiers Journals Series: they are collections of at least ten articles, all centered on a particular subject. With their unique mix of varied contributions from Original Research to Review Articles, Frontiers Research Topics unify the most influential researchers, the latest key findings and historical advances in a hot research area! Find out more on how to host your own Frontiers Research Topic or contribute to one as an author by contacting the Frontiers Editorial Office: frontiersin.org/about/contact 606 $aImmunology$2bicssc 606 $aMedicine and Nursing$2bicssc 610 $adisease tolerance 610 $ahost defense 610 $aimmunity 610 $ainfection 610 $atissue damage 615 7$aImmunology 615 7$aMedicine and Nursing 700 $aDivangahi$b Maziar$4edt$01287917 702 $aKing$b Irah L$4edt 702 $aDivangahi$b Maziar$4oth 702 $aKing$b Irah L$4oth 906 $aBOOK 912 $a9910557567503321 996 $aEvolving Mechanisms of Disease Tolerance$93020560 997 $aUNINA